000 00850nam a2200193 a 4500
003 0
005 20250528150258.0
008 021022s19uu xx 00 eng d
050 _aPHS DS 686.614
_b.M36 2002
100 _aManalo, Cheilthy R.
245 _aThe Perception of college students, parents, government officials, and lawyers from the Parañaque and the Las Piñas areas on the condition of the Philippines under President Gloria Macapagal-Arroyo /
_cCheilthy R. Manalo.
260 _aLas Piñas City, Philippines :
_bSouthville International School and Colleges,
_c2002.
300 _a62 pages ;
_c28 cm.
504 _aIncludes bibliographical references.
650 _aPublic opinion
_zPhilippines.
650 _aCollege students
_zPhilippines
_xAttitudes.
650 _aGloria Macapagal-Arroyo, 1947-
_xPublic opinion.
942 _2lcc
_cPASS
999 _c96721
_d96721